Politics of Jugaad: The coalition handbook (Record no. 570316)

MARC details
000 -LEADER
fixed length control field 00543nam a2200193Ia 4500
008 - FIXED-LENGTH DATA ELEMENTS--GENERAL INFORMATION
fixed length control field 250327s9999 xx 000 0 und d
020 ## - INTERNATIONAL STANDARD BOOK NUMBER
ISBN 9789353334185
Paper back/Hardbound hbk
041 ## - LANGUAGE CODE
Language code of text/sound track or separate title eng
082 ## - DEWEY DECIMAL CLASSIFICATION NUMBER
Classification number 320.954
Item number NAQ;1
100 ## - MAIN ENTRY--AUTHOR NAME
Personal name Naqvi, Saba
245 #0 - TITLE STATEMENT
Title Politics of Jugaad: The coalition handbook
Statement of responsibility, etc /Saba Naqvi
250 ## - EDITION STATEMENT
Edition statement 1st ed.
260 ## - PUBLICATION, DISTRIBUTION, ETC. (IMPRINT)
Name of publisher Rupa publications india
Year of publication 2019
Place of publication New Delhi
300 ## - PHYSICAL DESCRIPTION
Number of Pages 142 p.
Dimensions 19 cm.
504 ## - BIBLIOGRAPHY, ETC. NOTE
Bibliography, etc Includes index
650 ## - SUBJECT ADDED ENTRY--TOPICAL TERM
Topical Term Coalition; BJP; Business of politics ;
942 ## - ADDED ENTRY ELEMENTS (KOHA)
Koha item type English Books
Holdings
Withdrawn status Lost status Damaged status Not for loan Home library Current library Shelving location Date acquired Cost, normal purchase price Full call number Accession Number Price effective from Koha item type
        Anna Centenary Library Anna Centenary Library 3RD FLOOR, B WING 28.11.2024 395.00 320.954 NAQ 700225 28.11.2024 English Books
        Anna Centenary Library Anna Centenary Library 3RD FLOOR, B WING 28.11.2024 395.00 320.954 NAQ;1 700226 27.03.2025 English Books

Find us on the map